| 000 | 00425pab a2200169 454500 | ||
|---|---|---|---|
| 008 | 180718b2013 xxu||||| |||| 00| 0 eng d | ||
| 100 | _aAmann, Ron | ||
| 245 | _aOn the receiving end: The governance of the police in Britain | ||
| 260 | _c2013 | ||
| 300 | _ap.181-199. | ||
| 362 | _aApr-Jun | ||
| 650 | _aPolice - Great Britain | ||
| 650 | _aPolice | ||
| 773 | _aPolitical Quarterly | ||
| 908 | _aN | ||
| 909 | _a100657 | ||
| 999 |
_c100656 _d100656 |
||